[Event "Vladimir op-A"]
[Site "Vladimir"]
[Date "2008.08.18"]
[Round "6"]
[White "Kutepov, Alexander"]
[Black "Potapov, Alexey"]
[Result "0-1"]
[WhiteElo "2114"]
[BlackElo "2329"]
[PlyCount "60"]
[EventDate "2008.08.12"]
[EventType "swiss"]
[EventRounds "10"]
[EventCountry "RUS"]
[SourceTitle "CBM 126 Extra"]
[Source "ChessBase"]
[SourceDate "2008.11.05"]
[SourceVersion "1"]
[SourceVersionDate "2008.11.05"]
[SourceQuality "1"]

1. e4 d5 2. exd5 Qxd5 3. Nc3 Qd6 4. d4 Nf6 5. Bd3 a6 6. Nge2 Bg4 7. f3 Bh5 8. Bf4 Qd8 9. Qd2 e6 10. 0-0-0 Be7 11. h4 Bg6 12. Bc4 Nbd7 13. g4 Nb6 14. Bb3 h5 15. g5 Nfd5 16. Nxd5 exd5 17. Be5 f6 18. gxf6 gxf6 19. Rhg1 Bf7 20. Bf4 Qd7 21. a4 Nxa4 22. Bh6 Nb6 23. Bg7 Rg8 24. Qh6 0-0-0 25. Bxf6 Qe6 26. Bg5 Qxe2 27. Rde1 Bxg5+ 28. hxg5 Qxf3 29. Rgf1 Qg3 30. Re7 Bg6 0-1

[Event "Vladimir op-A"]
[Site "Vladimir"]
[Date "2008.08.15"]
[Round "4"]
[White "Kutepov, Alexander"]
[Black "Kupreichik, Viktor D"]
[Result "0-1"]
[WhiteElo "2114"]
[BlackElo "2403"]
[PlyCount "56"]
[EventDate "2008.08.12"]
[EventType "swiss"]
[EventRounds "10"]
[EventCountry "RUS"]
[SourceTitle "CBM 126 Extra"]
[Source "ChessBase"]
[SourceDate "2008.11.05"]
[SourceVersion "1"]
[SourceVersionDate "2008.11.05"]
[SourceQuality "1"]

1. e4 g6 2. Nc3 Bg7 3. d3 c6 4. g3 d5 5. Bg2 dxe4 6. Nxe4 Nf6 7. Nxf6+ Bxf6 8. Nf3 0-0 9. 0-0 e5 10. Re1 Re8 11. Bd2 Bf5 12. Bc3 Nd7 13. Qd2 Qc7 14. Re2 Re7 15. Rae1 Rae8 16. Ng5 h6 17. Ne4 Bg7 18. f3 c5 19. f4 Bg4 20. Re3 exf4 21. gxf4 Bd4 22. Bxd4 cxd4 23. Rg3 f5 24. Rxg4 fxg4 25. Rf1 Rf8 26. h3 Ref7 27. hxg4 Rxf4 28. Rxf4 Qxf4 0-1

[Event "Vladimir op-A"]
[Site "Vladimir"]
[Date "2008.08.12"]
[Round "1"]
[White "Skomorokhin, Roman"]
[Black "Kutepov, Alexander"]
[Result "1-0"]
[WhiteElo "2378"]
[BlackElo "2114"]
[PlyCount "63"]
[EventDate "2008.08.12"]
[EventType "swiss"]
[EventRounds "10"]
[EventCountry "RUS"]
[SourceTitle "CBM 126 Extra"]
[Source "ChessBase"]
[SourceDate "2008.11.05"]
[SourceVersion "1"]
[SourceVersionDate "2008.11.05"]
[SourceQuality "1"]

1. d4 d5 2. c4 e6 3. Nc3 Nf6 4. cxd5 exd5 5. Bg5 Nbd7 6. e3 Be7 7. Bd3 0-0 8. Qc2 Re8 9. Nge2 Nf8 10. 0-0-0 a6 11. h3 Be6 12. Kb1 Rc8 13. f4 c5 14. f5 Bd7 15. dxc5 Rxc5 16. Qb3 Qc8 17. g4 Bc6 18. Bf4 Ne4 19. Nxe4 dxe4 20. Bc4 Rd8 21. Bxf7+ Kh8 22. Nd4 Bf6 23. Nxc6 bxc6 24. Rxd8 Qxd8 25. Rd1 Qc8 26. a4 g6 27. Bd6 Nd7 28. Be6 Rd5 29. Rxd5 cxd5 30. g5 Qc6 31. gxf6 Qxd6 32. Bxd7 1-0

[Event "Vladimir op"]
[Site "Vladimir"]
[Date "2004.08.22"]
[Round "5"]
[White "Kutepov, Alexander"]
[Black "Kachar, Vladimir"]
[Result "0-1"]
[WhiteElo "2083"]
[BlackElo "2367"]
[PlyCount "96"]
[EventDate "2004.08.18"]
[EventType "swiss"]
[EventRounds "9"]
[EventCountry "RUS"]
[SourceTitle "EXT 2005"]
[Source "ChessBase"]
[SourceDate "2004.11.15"]
[SourceVersion "1"]
[SourceVersionDate "2004.11.15"]
[SourceQuality "1"]

1. e4 c5 2. Nc3 Nc6 3. g3 g6 4. Bg2 Bg7 5. d3 d6 6. f4 e5 7. Nh3 Nf6 8. Nf2 Be6 9. 0-0 Qd7 10. Nd5 exf4 11. Nxf4 h5 12. Nxe6 Qxe6 13. Bh3 Qe7 14. Bg5 Qc7 15. c3 Nh7 16. Bf4 0-0 17. Qd2 Qe7 18. g4 Ne5 19. Kh1 hxg4 20. Nxg4 Qh4 21. Qg2 Nxd3 22. Bxd6 Ng5 23. Be7 Qxh3 24. Bxg5 Qxg2+ 25. Kxg2 f5 26. exf5 Rxf5 27. Nh6+ Bxh6 28. Rxf5 gxf5 29. Bxh6 Kh7 30. Bg5 Kg6 31. h4 Re8 32. Kf3 Re4 33. b3 Ne5+ 34. Kf2 f4 35. Rd1 Kf5 36. Rd5 b6 37. Bd8 Ke6 38. Rd2 Re3 39. Bc7 Nd3+ 40. Kf1 Kf5 41. Re2 Rh3 42. Re7 f3 43. Rg7 Rh1+ 44. Rg1 Rxh4 45. Rg8 Rh1+ 46. Rg1 Rxg1+ 47. Kxg1 Ke4 48. Kf1 b5 0-1

[Event "Vladimir op"]
[Site "Vladimir"]
[Date "2004.08.21"]
[Round "4"]
[White "Belenov, Dmitry N"]
[Black "Kutepov, Alexander"]
[Result "0-1"]
[WhiteElo "2383"]
[BlackElo "2083"]
[PlyCount "94"]
[EventDate "2004.08.18"]
[EventType "swiss"]
[EventRounds "9"]
[EventCountry "RUS"]
[SourceTitle "EXT 2005"]
[Source "ChessBase"]
[SourceDate "2004.11.15"]
[SourceVersion "1"]
[SourceVersionDate "2004.11.15"]
[SourceQuality "1"]

1. d4 d5 2. c4 e6 3. Nc3 Nf6 4. Nf3 c6 5. e3 Ne4 6. Bd3 f5 7. Ne5 Qh4 8. 0-0 Bd6 9. Bxe4 fxe4 10. f4 0-0 11. Qg4 Qxg4 12. Nxg4 Nd7 13. c5 Bc7 14. b4 h5 15. Ne5 Nxe5 16. fxe5 Rxf1+ 17. Kxf1 b6 18. Rb1 bxc5 19. bxc5 Ba6+ 20. Kf2 h4 21. Bd2 Bd3 22. Ra1 g5 23. h3 Rb8 24. Na4 Kg7 25. Kg1 Kg6 26. Bc3 g4 27. hxg4 Kg5 28. Rc1 Kxg4 29. Nb2 Ba6 30. Nd1 Bd8 31. Nf2+ Kh5 32. Nh3 Bg5 33. Nxg5 Kxg5 34. Rc2 Kg4 35. Rf2 Kg3 36. Bb2 Bc4 37. a3 Rb3 38. Bc1 Rb1 39. Rc2 Bd3 40. Rc3 a6 41. Kh1 Ra1 42. a4 a5 43. Kg1 Ra2 44. Ba3 Rxg2+ 45. Kh1 Rh2+ 46. Kg1 Ra2 47. Bc1 Rf2 0-1

[Event "Vladimir op"]
[Site "Vladimir"]
[Date "2004.08.19"]
[Round "2"]
[White "Kutepov, Alexander"]
[Black "Zaitsev, Vadim"]
[Result "0-1"]
[WhiteElo "2083"]
[BlackElo "2378"]
[PlyCount "124"]
[EventDate "2004.08.18"]
[EventType "swiss"]
[EventRounds "9"]
[EventCountry "RUS"]
[SourceTitle "EXT 2005"]
[Source "ChessBase"]
[SourceDate "2004.11.15"]
[SourceVersion "1"]
[SourceVersionDate "2004.11.15"]
[SourceQuality "1"]

1. e4 c5 2. Nc3 Nc6 3. g3 e6 4. Bg2 Nf6 5. Nge2 d5 6. exd5 exd5 7. d4 cxd4 8. Nxd4 Be7 9. 0-0 0-0 10. Be3 Bg4 11. Qd2 Qd7 12. Rfe1 Bb4 13. f3 Bh3 14. a3 Ba5 15. Rad1 Rfe8 16. Bf2 Ne5 17. b4 Bb6 18. Qg5 h6 19. Qh4 Bxg2 20. Kxg2 Rac8 21. Nce2 Ng6 22. Qh3 Qxh3+ 23. Kxh3 Rxc2 24. Nxc2 Bxf2 25. Ned4 Bxe1 26. Nxe1 Ne5 27. Nd3 Nc4 28. a4 Nh7 29. g4 Ng5+ 30. Kg3 Ne6 31. Nxe6 fxe6 32. a5 Kf7 33. h4 Ke7 34. h5 Kd6 35. Nc5 b6 36. axb6 axb6 37. Nb3 e5 38. Re1 Ra8 39. g5 Ra4 40. gxh6 gxh6 41. b5 Rb4 42. Nc1 Rxb5 43. Kg4 Ke6 44. f4 Kf6 45. fxe5+ Nxe5+ 46. Kh3 d4 47. Rf1+ Ke6 48. Ne2 Rb3+ 49. Kh4 Kd5 50. Rf6 d3 51. Nf4+ Ke4 52. Nxd3 Nxd3 53. Rxh6 Kf5 54. Rh8 Kf6 55. Rh6+ Kg7 56. Rg6+ Kh7 57. Rd6 Ne5 58. Re6 Nf7 59. Re7 Kg7 60. Rc7 Rb4+ 61. Kg3 Kf6 62. Kf2 Re4 0-1

[Event "Vladimir op"]
[Site "Vladimir"]
[Date "2002.??.??"]
[Round "?"]
[White "Makhnev, Vladimir"]
[Black "Kutepov, Alexander"]
[Result "1/2-1/2"]
[WhiteElo "2216"]
[BlackElo "2122"]
[PlyCount "62"]
[EventDate "2002.??.??"]
[EventType "swiss"]
[EventRounds "9"]
[EventCountry "RUS"]
[SourceTitle "EXT 2008"]
[Source "ChessBase"]
[SourceDate "2007.11.25"]
[SourceVersion "1"]
[SourceVersionDate "2007.11.25"]
[SourceQuality "1"]

1. b4 d5 2. Bb2 Nf6 3. e3 Bf5 4. Nf3 e6 5. a3 Nbd7 6. c4 Be7 7. d4 dxc4 8. Bxc4 0-0 9. 0-0 c6 10. Nc3 Qc7 11. Qe2 Ne4 12. Rfc1 Rac8 13. Bb3 a6 14. Na4 Bg4 15. Bc2 Ng5 16. Bd1 Bd6 17. Qf1 Nxf3+ 18. gxf3 Bxh2+ 19. Kh1 Bf5 20. f4 Bxf4 21. exf4 Qxf4 22. Qg2 Be4 23. f3 Bd5 24. Nc3 f5 25. Nxd5 exd5 26. Qh2 Qe3 27. Rc3 Qe1+ 28. Qg1 Qh4+ 29. Qh2 Qe1+ 30. Qg1 Qh4+ 31. Qh2 Qe1+ 1/2-1/2